000
00299nam a2200109Ia 4500
008
200302s9999 xx 000 0 und d
100
_a
Kenneth F.Endean
245
_a
Investigating Rainwater Penetration Of Modern Buildings(Ukp 70)
260
_b
Gower Publishing Ltd.,
260
_c
1995
300
_a
208
999
_c
4729
_d
4729